Reštitúcie krokom k usporiadaniu vzťahov medzi štátom a cirkvami

Reštitúcia cirkevného majetku a vzťah štátu a cirkvi na Slovensku a v zahraničí.

Salvato in:
Dettagli Bibliografici
Autore principale: Vančík, A.
Altri autori: Janků, Jaroslav
Natura: Capitolo di libro
Lingua:slovacco
Soggetti:
Tags: Aggiungi Tag
Nessun Tag, puoi essere il primo ad aggiungerne!!

MARC

LEADER 00000naa a2200000 4500
001 r014215
005 20221205080712.5
041 0 |a slo 
044 |a SK 
245 1 0 |a Reštitúcie krokom k usporiadaniu vzťahov medzi štátom a cirkvami  |c A. Vančík, Jaroslav Janků 
520 |a Reštitúcia cirkevného majetku a vzťah štátu a cirkvi na Slovensku a v zahraničí. 
610 2 0 |a reštitúcia 
610 2 0 |a cirkev 
610 2 0 |a štát 
610 2 0 |a Slovensko 
610 2 0 |a Česko 
610 2 0 |a svet 
100 1 |a Vančík, A. 
700 1 |a Janků, Jaroslav